000 01354nam a2200361 c 4500
003 BLK
005 20250203102216.0
008 180409b bul|||||r ||||||| ||bul||
010 _aKNG00136473000
020 _a978-954-28-1031-5
_bиздат.: Сиела Норма
040 _aBLK
041 _aBUL
_cBUL
072 7 _2bullib
_aН84
_xБългарска художествена литература Н
080 _aБългарска литература
_b821.163.2
_x-32
_z821.163.2-32
100 1 _aЕнев, Деян
_eпърви автор
_gПопов, Деян Енев
_9365263
700 1 _aПопов, Деян Енев
_e*
_9272523
139 _aЕнев, Деян
_bЕ 64
245 1 0 _aБългарчето от Аляска
_bСофийски разкази
_cДеян Енев; * Деян Енев Попов.
257 _aBGR
260 София
_bСиела Норма
_c2011
300 _a140 с.
_c21 см
380 _aX
490 1 _aМайстори на разказа
500 _aПълното име на авт. е Деян Енев Попов.
653 _aразкази
659 _aН
852 _aЦб 256915
856 4 _qpdf
_u
856 4 _qpdf
_u
942 _cKNG
_n0
_011
944 _aCR
_c26.11.2012
_lМоника Янева
_k30570
944 _aED
_c05.09.2014
_lф /
_k
999 _c130685
_d130685